000 00550nam a2200217 i 4500
001 C2-0306871
003 PPAK
005 20180728093442.0
008 101220s my |||| ||||| | may d
040 _aPPAK
_beng
_cPPAK
_erda
082 0 4 _a809.926
_223
090 0 0 _a809.926
_bDIA
_dKK
245 0 0 _aDialog untuk Keadilan
264 1 _aKuala Lumpur :
_bIkhwan Kamil ,
300 _a165 pages ;
_c20 cm
336 _2rdacontent
_atext
337 _2rdamedia
_aunmediated
338 _2rdacarrier
_avolume
650 1 0 _aDialog.
942 _ddc
_cB
999 _c109696
_d109696